Qué es el peronismo : una respuesta desde la filosofía /

Guardado en:
Autor Principal: Bolívar, Jorge
Otros Autores: Ríos, Rubén H., Di Lorenzo, José Luis
Formato: Libro
Publicado: Buenos Aires : Octubre, 2014
Materias:
Etiquetas: Agregar Etiqueta
Sin Etiquetas, Sea el primero en etiquetar este registro!
LEADER 00718nam a22002175a 4500
001 EHU.bham044752
003 AR-BHAM
005 20170512143157.0
008 130507s2014##################000#0#####d
020 |a 9789874547439 
082 3 2 |a 320.982 
100 1 |a Bolívar, Jorge 
245 1 0 |a Qué es el peronismo :  |b una respuesta desde la filosofía /  |c  Jorge Bolívar, Rubén H. Ríos, José Luis Di Lorenzo 
260 |a Buenos Aires :  |b Octubre,  |c 2014 
300 |a 377 p. 
653 |a Peronismo 
653 |a Política argentina contemporánea 
653 |a Política-filosofía de la 
700 1 |a Ríos, Rubén H. 
700 1 |a Di Lorenzo, José Luis 
859 |a AR-BHAM  |b BIB. HUMANIDADES - General  |h 320.982  |i B638  |p 137.17  |t Ej.1